000 004070000a22001690004500
999 _c48136
_d48136
001 957
003 CO-MdFUSB
005 20171115165800.0
008 171115b xxu||||| |||| 00| 0 eng d
040 _cCO-MdBIC
082 0 4 _a863N R524v
100 1 _aRivera, José Eustasio
245 1 0 _aLa Voragine / Jose Eustasio Rivera
260 _a[ S.L.] Ediciones Académicas
300 _a303 P.
942 _cLGB